| 000 | 00750nam a2200205 i 4500 | ||
|---|---|---|---|
| 001 | 185517 | ||
| 003 | SpMaBN | ||
| 005 | 20250824055550.0 | ||
| 008 | 160616s1972 sp |||| | spa d | ||
| 080 | _a821.111-22"19" | ||
| 100 | 1 |
_aMarriott, Anthony. _9159882 |
|
| 245 | 1 | 0 |
_aRuidos en la casa _b: (Uproar in the house) : enredo cómico en dos actos y tres cuadros / _coriginal de Anthony Marriott y Alistair Foot ; versión, Vicente Balart. |
| 260 |
_aMadrid : _bEscelicer, _c[1972] |
||
| 300 |
_a88 p. ; _c16 cm. |
||
| 490 | 1 |
_aColección teatro ; _v739 |
|
| 700 | 1 |
_aFoot, Alistair. _9159883 |
|
| 830 | 0 | 0 |
_aColección teatro (Escelicer) _v739 _9183149 |
| 852 |
_aES-MaACL _jL-30405 _z. - Donat. Carmen Zumárraga |
||
| 999 |
_c185517 _d185517 |
||